000 00808nam a22002777a 4500
001 BR8901481
003 BR-BrBNA
005 20230928093158.0
007 ta
008 230509b bl.||||| |||| 00| 0 por d
040 _aBR-BrBNA
_bpor
_cBiblioteca Nacional de Agricultura
041 _a(Por)
072 _aE16; E70
_b/G514
090 _ E16 BR8901481
110 1 _aSecretaria de Estado da Agricultura, Pecuaria e Abastecimento, Belo Horizonte, MG (Brasil)
_98844
245 1 _aA agropecuaria e a crise de abastecimento
260 3 _aBelo Horizonte, MG (Brasil):
_c1988.
300 _a50 p.
500 _a22 tables
650 _aECONOMIA DA PRODUCAO
650 _aCUSTO DE PRODUCAO
650 _aABASTECIMENTO
650 _aMINAS GERAIS
909 _a202309
_bLucia
_c55
_dLucia Elande
942 _cBK
999 _c43451
_d43451